Ausgestorbene Tiere Südamerikas - Karten Quiz - Statistiken

Allgemein
  • Dieses Quiz wurde 19 mal gespielt
  • Das Durchschnittsergebnis liegt bei 2 aus 10
Antworten auf der Karte
Die Antworten werden auf der Karte rot bzw. grün angezeigt, abhängig davon wie oft sie richtig erraten wurden.
 
Antwortstatistiken
Antwort % Korrekt
Pinta-Riesenschildkröte (2012)
58%
Andentaucher (1977)
33%
Cayenne-Nachtschwalbe (nach 1917)
25%
Chilihueque (17.-18. Jh.)
25%
Warrah-Fuchs (1876)
25%
Alagoasblattspäher (2011)
17%
Raubkärpfling (1950er)
17%
Türkisara (2001)
17%
Vogls Stummelfußfrosch (1957)
17%
Burmeister-Fuchs (15.-17. Jh.)
8%
Keine übereinstimmenden Quizze gefunden
Verteilung der Resultate
Anzahl Personen mit jedem Resultat
Perzentil nach korrekt beantworteten Fragen
Ihre Resultats-Entwicklung
Sie haben dieses Quiz noch nicht gespielt